Szczegóły MARC21

Canada's first century /

003 -Nazwa inst., której nr kontr. jest w polu 001 [,]
    • @
    • Nazwa instytucji, której n kontrolny jest w polu 001
    • NUKAT
005 -DATA I CZAS OSTATNIEJ MODYFIKACJI [,]
    • @
    • pole kontrolne
    • 20241231101113.0
020 -Międzynarod. znormalizowany nr książki - ISBN [ , ]
    • a
    • Numer ISBN
    • 9780195449228 Find
040 -Instytucja sporządzająca opis [ , ]
    • a
    • Instytucja, która sporządziła opis (NP)
    • WA U/JEK
    • c
    • Instytucja, która sporządziła rekord (NP)
    • WA U/JEKs
    • d
    • Instytucja, która zmodyfikowała rekord (P)
    • WA U/EBA
942 -Rodzaj dokumentu [ , ]
    • c
    • Rodzaj dokumentu
    • Książka
100 -Hasło główne - nazwa osobowa [1, ]
    • a
    • Nazwa osobowa (NP)
    • Creighton, Donald
    • d
    • Daty biograficzne (NP)
    • (1902-1979).
    • 9
    • KHW
    • 647685
245 -Strefa tytułu i oznaczenia odpowiedzialności [1,0]
    • a
    • Tytuł
    • Canada's first century / Find
    • c
    • Pozostałe elementy strefy tytułu i oznaczenia odpowiedzialności (NP)
    • Donald Creighton ; with a new introd. by Donald Wright.
260 -Strefa adresu wydawniczego [ , ]
    • a
    • Miejsce wydania (P)
    • Don Mills :
    • b
    • Nazwa wydawcy (P)
    • Oxford University Press,
    • c
    • Data wydania (P)
    • 2012.
300 -Strefa opisu fizycznego [ , ]
    • a
    • Określenie formy książki i/lub objętość (NP)
    • XV, [5], 378 s., [17] s. tabl. :
    • b
    • Oznaczenie ilustracji (NP)
    • il. ;
    • c
    • Format (NP)
    • 23 cm.
336 -Typ zawartości [ , ]
    • a
    • Termin opisujący typ zawartości
    • Tekst
    • b
    • Kod określający zawartość
    • txt
    • 2
    • Źródło (terminu i kodu)
    • rdacontent
337 -Typ mediów [ , ]
    • a
    • Tryb odtwarzania
    • Bez urządzenia pośredniczącego
    • b
    • Kod typu mediów
    • n
    • 2
    • Źródło (terminu i kodu)
    • rdamedia
338 -Typ/rodzaj nośnika [ , ]
    • a
    • Hasło opisujące typ nośnika
    • Wolumin
    • b
    • Kod typu nośnika
    • nc
    • 2
    • Źródło (terminu i kodu)
    • rdacarrier
490 -Strefa serii i książki wielotomowej - forma nie do wyszukiwania [1, ]
    • a
    • Tytuł (P)
    • Wynford Project Find
830 -Hasło dodatkowe serii i opisu książki wielotomowej - tytuł ujednolicony/tytuł [ ,4]
    • a
    • Tytuł ujednolicony/tytuł (NP)
    • The Wynford Project
    • 9
    • KHW
    • 647687
504 -Uwaga dot. bibliogr. załącznikowej [ , ]
    • a
    • Uwaga dot. bibliografii załącznikowej
    • Bibliogr. s. 357-362. Indeks.
080 -Uniwersalna Klasyfikacja Dziesiętna [ , ]
    • 2
    • Identyfikator wydania tablic
    • UDC-P058
    • 9
    • UKD
    • 7180
    • a
    • Symbol klasyfikacji
    • 94(71)
    • b
    • Dopowiedzenie
    • Historia. Kanada.
    • 4
    • UKD2
    • 7644
    • x
    • Poddział wspólny
    • =111
    • c
    • Dopowiedzenie poddz. wspólnego
    • =Język angielski.
651 -Hasło przedmiotowe w formie nazwy geograficznej [ ,7]
    • a
    • Nazwa geograficzna
    • Kanada
    • y
    • Określnik chronologiczny
    • 1867-.
    • 2
    • Źródło terminu
    • kaba
    • 9
    • KHW
    • 113871
651 -Hasło przedmiotowe w formie nazwy geograficznej [ ,7]
    • a
    • Nazwa geograficzna
    • Kanada
    • x
    • Określnik rzeczowy
    • polityka i rządy
    • y
    • Określnik chronologiczny
    • 1867-.
    • 2
    • Źródło terminu
    • kaba
    • 9
    • KHW
    • 113882
980 -Symbol UKD [ , ]
    • a
    • UKD
    • 94(71)=111
700 -Hasło dodatkowe - nazwa osobowa [1, ]
    • a
    • Nazwa osobowa (NP)
    • Wright, Donald A. Find
    • d
    • Daty biograficzne (NP)
    • (1965- ).
    • e
    • Określenie rodzaju współpracy
    • Wstęp
    • 9
    • KHW
    • 647686
710 -Hasło dodatkowe - nazwa ciała zbiorowego [2, ]
    • a
    • Nazwa ciała zbiorowego lub nazwa geograficzna jako pierwszy element (NP)
    • Oxford University Press.
    • 4
    • Kod relacji
    • pbl
    • 9
    • KHW
    • 612839
920 -ISBN [ , ]
    • a
    • ISBN
    • 978-0-19-544922-8 Find
Sygnatura Lokalizacja Data inwentaryzacji Status udost. Numer inwentarzowy
ANG. Historia Kanady 02BM2014-02-101A.9375